000 00597nam a2200205Ia 4500
003 IN-BaIIA
008 211028s9999 xx 000 0 eng d
020 _a81-203-2058-1
040 _cIIA Library
080 _a537.313
_bGAY
100 _aGayakwad, R. A.
245 0 _aOp - Amps and Linear Integrated Circuits
_cR. A. Gayakwad
250 _a4th ed.
260 _aNew Delhi
_bPrentice-Hall
_c2002
300 _axv, 543p.
650 _aIntegrated Circuits
_93314
650 _aOp - Amps
650 _aOperational Amplifiers
_99662
942 _cBK
999 _c15675
_d15675